Statistics for Book Titles Taken Other Literature

Click here to take the quiz!

General Stats

  • This quiz has been taken 163 times
  • The average score is 4 of 15

Answer Stats

HintAnswer% Correct
Robert BurnsJohn SteinbeckOf Mice and Men
60%
William ShakespeareJohn GreenThe Fault in Our Stars
51%
John DonneErnest HemingwayFor Whom the Bell Tolls
45%
Pilgrim's ProgressWilliam Makepeace ThackerayVanity Fair
43%
William ShakespeareWilliam FaulkerThe Sound and the Fury
34%
Paradise LostPhilip PullmanHis Dark Materials
28%
The BibleWilliam FaulknerAbsalom, Absalom
24%
W. B. YeatsCormac McCarthyNo Country for Old Men
24%
The BibleLois LowryNumber the Stars
10%
The BibleJohn GrishamA Time to Kill
7%
William ShakespeareJohn SteinbeckThe Winter of Our Discontent
7%
William ShakespeareThomas HardyUnder the Greenwood Tree
7%
William BlakeAlfred BesterTiger, Tiger
6%
William WordsworthC.S. LewisSurprised by Joy
5%
William BlakeAldous HuxleyThe Doors of Perception
5%

Score Distribution

Percentile by Number Answered

Percent of People with Each Score

Your Score History

You have not taken this quiz